<?xml version="1.0" encoding="UTF-8"?>
<record
    xmlns:xsi="http://www.w3.org/2001/XMLSchema-instance"
    xsi:schemaLocation="http://www.loc.gov/MARC21/slim http://www.loc.gov/standards/marcxml/schema/MARC21slim.xsd"
    xmlns="http://www.loc.gov/MARC21/slim">

  <leader>00948nam a22002177a 4500</leader>
  <controlfield tag="005">20231127163850.0</controlfield>
  <controlfield tag="008">231127b           ||||| |||| 00| 0 eng d</controlfield>
  <datafield tag="040" ind1=" " ind2=" ">
    <subfield code="c">AL</subfield>
  </datafield>
  <datafield tag="041" ind1=" " ind2=" ">
    <subfield code="a">kan</subfield>
  </datafield>
  <datafield tag="082" ind1=" " ind2=" ">
    <subfield code="2">23</subfield>
    <subfield code="a">K894.8</subfield>
    <subfield code="b">KARS</subfield>
  </datafield>
  <datafield tag="100" ind1=" " ind2=" ">
    <subfield code="a">Karthik S: &#xC95;&#xCBE;&#xCB0;&#xCCD;&#xCA4;&#xCBF;&#xC95;&#xCCD; &#xC8E;&#xCB8;&#xCCD;</subfield>
    <subfield code="9">143602</subfield>
  </datafield>
  <datafield tag="245" ind1=" " ind2=" ">
    <subfield code="a">Samshodhana Sambhavane:</subfield>
    <subfield code="b">&#xCB8;&#xC82;&#xCB6;&#xCCB;&#xCA7;&#xCA8; &#xCB8;&#xC82;&#xCAD;&#xCBE;&#xCB5;&#xCA8;&#xCC6; </subfield>
  </datafield>
  <datafield tag="260" ind1=" " ind2=" ">
    <subfield code="a">Mangalore</subfield>
    <subfield code="b">Prasaranga Mangalore University</subfield>
    <subfield code="c">2016</subfield>
  </datafield>
  <datafield tag="300" ind1=" " ind2=" ">
    <subfield code="a">xvi,357p.</subfield>
    <subfield code="b">PB</subfield>
    <subfield code="c">21x14cm.</subfield>
  </datafield>
  <datafield tag="365" ind1=" " ind2=" ">
    <subfield code="2">Kannada</subfield>
    <subfield code="a">63-65</subfield>
    <subfield code="b">163.00</subfield>
    <subfield code="c">&#x20B9;</subfield>
    <subfield code="d">325.00</subfield>
    <subfield code="e">50%</subfield>
    <subfield code="f">24-11-2023</subfield>
  </datafield>
  <datafield tag="650" ind1=" " ind2=" ">
    <subfield code="a">Itihasa Shasanashastra: &#xC87;&#xCA4;&#xCBF;&#xCB9;&#xCBE;&#xCB8; &#xCB6;&#xCBE;&#xCB8;&#xCA8;&#xCB6;&#xCBE;&#xCB8;&#xCCD;&#xCA4;&#xCCD;&#xCB0; </subfield>
    <subfield code="9">143596</subfield>
  </datafield>
  <datafield tag="650" ind1=" " ind2=" ">
    <subfield code="a">Hastapratigalu Nighantugalu: &#xCB9;&#xCB8;&#xCCD;&#xCA4;&#xCAA;&#xCCD;&#xCB0;&#xCA4;&#xCBF;&#xC97;&#xCB3;&#xCC1; &#xCA8;&#xCBF;&#xC98;&#xC82;&#xC9F;&#xCC1;&#xC97;&#xCB3;&#xCC1; </subfield>
    <subfield code="9">143597</subfield>
  </datafield>
  <datafield tag="650" ind1=" " ind2=" ">
    <subfield code="a">Vyakthichitragalu: &#xCB5;&#xCCD;&#xCAF;&#xC95;&#xCCD;&#xCA4;&#xCBF;&#xC9A;&#xCBF;&#xCA4;&#xCCD;&#xCB0;&#xC97;&#xCB3;&#xCC1; </subfield>
    <subfield code="9">143601</subfield>
  </datafield>
  <datafield tag="700" ind1=" " ind2=" ">
    <subfield code="a">KARTHIK (S): &#xC95;&#xCBE;&#xCB0;&#xCCD;&#xCA4;&#xCBF;&#xC95;&#xCCD; (&#xC8E;&#xCB8;&#xCCD;) </subfield>
    <subfield code="9">143598</subfield>
  </datafield>
  <datafield tag="942" ind1=" " ind2=" ">
    <subfield code="2">ddc</subfield>
    <subfield code="c">BK</subfield>
  </datafield>
  <datafield tag="999" ind1=" " ind2=" ">
    <subfield code="c">229325</subfield>
    <subfield code="d">229325</subfield>
  </datafield>
  <datafield tag="952" ind1=" " ind2=" ">
    <subfield code="0">0</subfield>
    <subfield code="1">0</subfield>
    <subfield code="2">ddc</subfield>
    <subfield code="4">0</subfield>
    <subfield code="7">0</subfield>
    <subfield code="8">KAN</subfield>
    <subfield code="a">AL</subfield>
    <subfield code="b">AL</subfield>
    <subfield code="d">2023-11-24</subfield>
    <subfield code="e">Prasaranga Mangalore University</subfield>
    <subfield code="g">162.00</subfield>
    <subfield code="l">0</subfield>
    <subfield code="o">K894.8 KARS</subfield>
    <subfield code="p">076952</subfield>
    <subfield code="r">2023-11-27 00:00:00</subfield>
    <subfield code="v">325.00</subfield>
    <subfield code="w">2023-11-27</subfield>
    <subfield code="y">BK</subfield>
  </datafield>
</record>
